| 000 | 00370nam a2200133Ia 4500 | ||
|---|---|---|---|
| 008 | 220204s9999 xx 000 0 und d | ||
| 082 |
_a678.031(083.74)BS _bBRI |
||
| 245 | 0 | _aMethods of testing rubber tree latex (B.S. 1672: Part 2: 1954) | |
| 260 |
_aLondon _bBSI _c1954 |
||
| 650 | _aBritish Standard | ||
| 650 | _aRubber latex | ||
| 650 | _aTest methods | ||
| 942 | _cBK | ||
| 999 |
_c20470 _d20470 |
||